| 000 | 00879nas a2200265 4500 | ||
|---|---|---|---|
| 001 | BR7302213 | ||
| 003 | BR-BrBNA | ||
| 005 | 20231205082423.0 | ||
| 007 | ta | ||
| 008 | 230509b bl.|||p| |||| 00| 00por d | ||
| 040 |
_aBR-BrBNA _bpor _cBiblioteca Nacional de Agricultura |
||
| 041 | _a(Pt) | ||
| 072 | _aF60; F70 | ||
| 100 | 1 | _aFelippe, G.M. | |
| 100 | 1 | _aGiulietti, A.M. | |
| 100 | 1 | _aLucas, N.M.C. | |
| 245 | 1 | _aEstudos de floracao em Porophyllum lanceolatum DC., 2: Efeito de GA3 e CCC na floracao [Compositae savana, Sao Paulo, acido giberelico, Cloroeto de 2 - Cloroetiltrimetilamonio] | |
| 650 | _aFISIOLOGIA VEGETAL | ||
| 650 | _aTAXONOMIA VEGETAL | ||
| 650 | _aFLORACAO | ||
| 650 | _aACIDO GIBERELICO | ||
| 773 | 0 |
_tHoehnea (Brazil) _xISSN 0073-0912 _g(Jul 1971), v. 1 p. 29-40 _wBR7302213 |
|
| 909 |
_a202311 _bLúcia _c55 _dLúcia Elande |
||
| 942 |
_2AGRIS _n0 _cANA |
||
| 999 |
_c91647 _d91647 |
||